| 000 | 01396nam a2200313 i 4500 | ||
|---|---|---|---|
| 003 | CSPC | ||
| 005 | 20250519131905.0 | ||
| 008 | 241217s2021 -uk b 001 0 eng d | ||
| 020 | _a9781788826259 | ||
| 040 |
_cCSPC _aCSPC _beng _erda |
||
| 082 | 0 | 4 |
_223 _a658 _bC145c |
| 100 | 1 |
_aCameron, Thomas, _eauthor. |
|
| 245 | 1 | 0 |
_aCommerce and business management in modern world / _cThomas Cameron. |
| 264 | 1 |
_aLondon, United Kingdom : _bEd-Tech Press, _c2021 ; Reprint 2024. |
|
| 300 |
_axiv, 317 pages ; _c26 cm. |
||
| 336 |
_atext _2rdacontent |
||
| 337 |
_aunmediated _2rdamedia |
||
| 338 |
_avolume _2rdacarrier |
||
| 504 | _aIncludes bibliographical references and index. | ||
| 505 | 0 | _aManagement systems in business -- Functions of modern entrepreneurship -- Business development in modern world --- Marketing research in small businesses -- Managing multinational enterprises -- Effective business communication -- Modern marketing trends and strategy management -- Marketing mix in business management. | |
| 650 | 0 | _aCommerce. | |
| 650 | 0 | _aBusiness management. | |
| 650 | 0 |
_aGlobalization _vEconomic aspects. |
|
| 650 | 0 | _aLeadership. | |
| 650 | 0 | _aStrategic planning. | |
| 650 | 0 | _aOrganizational behavior. | |
| 942 |
_2ddc _n0 _cBK _e23 _h658 _iC145c _kCIR _m2021 |
||
| 999 |
_c28592 _d28592 |
||